[Event "Vienna Tschaturanga op"]
[Site "Vienna"]
[Date "2014.05.05"]
[Round "1"]
[White "Kilgus, Georg"]
[Black "Truppe, Thomas"]
[Result "1-0"]
[WhiteElo "2443"]
[BlackElo "1891"]
[PlyCount "49"]
[EventDate "2014.05.05"]
[EventType "swiss"]
[EventRounds "7"]
[EventCountry "AUT"]
[SourceTitle "CBM 160 Extra"]
[Source "ChessBase"]
[SourceDate "2014.07.01"]
[SourceVersion "1"]
[SourceVersionDate "2014.07.01"]
[SourceQuality "1"]

1. Nf3 d5 2. g3 Nf6 3. Bg2 c6 4. 0-0 Bg4 5. h3 Bxf3 6. Bxf3 e5 7. d3 Bd6 8. e4 Nbd7 9. exd5 cxd5 10. c4 0-0 11. Nc3 e4 12. dxe4 dxe4 13. Nxe4 Nxe4 14. Bxe4 Qc7 15. b3 Be5 16. Rb1 Rad8 17. Qf3 Nc5 18. Bd5 Ne6 19. Bb2 Ng5 20. Qf5 Bxb2 21. Rxb2 Ne6 22. Bxe6 fxe6 23. Qxe6+ Kh8 24. Re2 h6 25. Qg6 1-0